Cérémonie d'ouverture des Jeux olympiques de Paris 2024 en images - Statistiques

Statistiques générales
  • Ce quiz a été pris 1 720 fois
  • Le résultat moyen est 13 sur 18
Statistiques - réponses
Par images Hint Réponse % Correct
Chanteuse Céline Dion
99%
Personnages de fiction Minions
99%
Athlète Zinédine Zidane
99%
Fleuve Seine
96%
Chanteuse Lady Gaga
93%
Humoriste Jamel Debbouze
92%
Femme politique Simone Veil
90%
Reine Marie-Antoinette
86%
Athlètes Marie-José Pérec | Teddy Riner
86%
Athlète Rafael Nadal
86%
Entreprise Louis Vuitton
83%
Président du comité d'organisation Tony Estanguet
69%
Chanteur Philippe Katerine
64%
Corps d'armée Garde républicaine
62%
Directrice stylisme et costumes Daphné Bürki
41%
Chanson Imagine
38%
Groupe Gojira
37%
Personnage de fiction Quasimodo
14%
Aucun quiz correspondant
Distribution des résultats
% des personnes avec chaque résultat
Percentile par nombre de réponses
Votre historique - résultats
Vous n’avez pas pris ce quiz